000 01236nam2a2200253 4500
001 RU\NLR\BIBL_A\022741094
005 20260308045013.0
035 _a(NLR Aleph) 022741094
090 _a13557521
_c13557521
100 _a20061002d1897 u y0rusy50 ca
101 1 _arus
_ceng
102 _aRU
105 _ay z 000ay
200 1 _aОливер Твист
_eроман
_fперевод Е. А. Тарновской-Таборовской
210 _d1897
215 _a400 с.
225 1 _a...
_vт. 75
461 0 _1001v19\rc\1600392
_12001#$aСобрание сочинений Чарльза Диккенса$e[перевод$fредактор: Ф. И. Булгаков]$vТ. 9
_1700#1$aДиккенс$bЧ.$f1812-1870$gЧарлз$3RU\NLR\AUTH\7713978
_95582498
_aДиккенс, Ч. (1812-1870)
_cС.-Петербург [Санкт-Петербург]
_d1896–1899
_fредактор: Ф. И. Булгаков]
_nГ. Ф. Пантелеев
_o[перевод
_p35 т.
_tСобрание сочинений Чарльза Диккенса
_vТ. 9
702 1 _aТарновская-Таборовская
_bЕ. А.
_4730
852 _aNLR
_j18.243.6.1(9)
942 _cUNSPEC
980 _aNB